00960nam a2200301 i 4500001000300000003000400003005001700007008003900024015001700063020001500080040001400095041000800109080001000117100002500127245007900152260003300231300004700264336002700311337005400338338002800392504002600420650001000446650001600456658003100472700002600503710003200529856009700561bgBPK20230223103645.0981103s1986 pl a f |000 0 pol aPB 1986/8196 a8321333079 aWA NcBPK0 apol a666.91 aSobierańska, Anna.10aProdukcja mieszanek betonowych /cAnna Sobierańska, Wiesław Szudrowicz. aWarszawa :b"Arkady",c1986. a106, [2] s. :bfot., rys., wykr. ;c21 cm. 2rdacontentaTekstbtxt 2rdamediaaBez urządzenia pośredniczącegobn 2rdacarrieraWoluminbnc aBibliogr. s. 105-106. 4aBeton 4aTechnologia aArchitektura i budownictwo1 aSzudrowicz, Wiesław.2 aWydawnictwo "Arkady".4pbl. uhttp://koha.tu.koszalin.pl/cgi-bin/koha/opac-detail.pl?biblionumber=3084yKatalog online BPK